| 000 | 00496nam a2200181Ia 4500 | ||
|---|---|---|---|
| 001 | 18365 | ||
| 005 | 20260306171625.0 | ||
| 008 | 260306s9999||||xx |||||||||||||| ||und|| | ||
| 041 | _aESP | ||
| 082 |
_a658.4034 _bM26 |
||
| 100 |
_aMaroto Álvarez, Concepción _eAUT |
||
| 245 | 0 | _aIntroducción a la investigación operativa en administración y dirección de empresas | |
| 260 | _c2011 | ||
| 300 |
_a317 páginas : _c24 cm. |
||
| 650 | _aGEN | ||
| 654 | _aCAN | ||
| 942 |
_cLIB _dJUS _fJUS _2ddc _n |
||
| 999 |
_c18365 _d18365 |
||